MARC details
| 000 -LEADER |
| fixed length control field |
00973cam a2200265 a 4500 |
| 003 - CONTROL NUMBER IDENTIFIER |
| control field |
OSt |
| 005 - DATE AND TIME OF LATEST TRANSACTION |
| control field |
20150722102841.0 |
| 008 - FIXED-LENGTH DATA ELEMENTS--GENERAL INFORMATION |
| fixed length control field |
890828s1989 cau 001 0 eng c |
| 020 ## - INTERNATIONAL STANDARD BOOK NUMBER |
| International Standard Book Number |
0930852079 (pbk.) : |
| 040 ## - CATALOGING SOURCE |
| Original cataloging agency |
SEKU |
| 050 00 - LIBRARY OF CONGRESS CALL NUMBER |
| Classification number |
RC 607.A26 |
| Item number |
.G7 |
| 100 1# - MAIN ENTRY--PERSONAL NAME |
| Personal name |
Gregory, Scott J. |
| 245 12 - TITLE STATEMENT |
| Title |
A holistic protocol for the immune system : |
| Remainder of title |
HIV/ARC/AIDS, candidiasis, Epstein-Barr, herpes, and other opportunistic infections / |
| Statement of responsibility, etc. |
Scott J. Gregory ; Bianca Leonardo, editor. |
| 260 ## - PUBLICATION, DISTRIBUTION, ETC. (IMPRINT) |
| Place of publication, distribution, etc. |
Palm Springs, CA : |
| Name of publisher, distributor, etc. |
Tree of Life Publications, |
| Date of publication, distribution, etc. |
c1989. |
| 300 ## - PHYSICAL DESCRIPTION |
| Extent |
x, 79 p. ; |
| Dimensions |
28 cm. |
| 650 #0 - SUBJECT ADDED ENTRY--TOPICAL TERM |
| Topical term or geographic name as entry element |
AIDS (Disease) |
| General subdivision |
Alternative treatment. |
| 650 #0 - SUBJECT ADDED ENTRY--TOPICAL TERM |
| Topical term or geographic name as entry element |
Opportunistic infections |
| General subdivision |
Alternative treatment. |
| 650 #2 - SUBJECT ADDED ENTRY--TOPICAL TERM |
| Topical term or geographic name as entry element |
AIDS-Related Complex |
| General subdivision |
therapy. |
| 650 #2 - SUBJECT ADDED ENTRY--TOPICAL TERM |
| Topical term or geographic name as entry element |
Burkitt's Lymphoma |
| General subdivision |
therapy. |
| 650 #2 - SUBJECT ADDED ENTRY--TOPICAL TERM |
| Topical term or geographic name as entry element |
Candidiasis |
| General subdivision |
therapy. |
| 650 #2 - SUBJECT ADDED ENTRY--TOPICAL TERM |
| Topical term or geographic name as entry element |
Herpes Simplex |
| General subdivision |
therapy. |
| 650 #2 - SUBJECT ADDED ENTRY--TOPICAL TERM |
| Topical term or geographic name as entry element |
Opportunistic Infections |
| General subdivision |
therapy. |
| 700 1# - ADDED ENTRY--PERSONAL NAME |
| Personal name |
Leonardo, Bianca. |
| 942 ## - ADDED ENTRY ELEMENTS (KOHA) |
| Source of classification or shelving scheme |
Library of Congress Classification |
| Koha item type |
General circulation |